[Event "10th KIIT Elite Open 2017"]
[Site "masterchessopen.com Bhubaneswar IND"]
[Date "2017.06.01"]
[Round "9.26"]
[White "Prasad,De"]
[Black "Jeet,J"]
[Result "0-1"]
[WhiteElo "2312"]
[BlackElo "2151"]

1.e4 e5 2.Nf3 Nc6 3.Bb5 a6 4.Ba4 Nf6 5.O-O b5 6.Bb3 Bc5 7.a4 Rb8 8.d3 d6
9.axb5 axb5 10.h3 h6 11.c3 O-O 12.d4 Bb6 13.Re1 Bb7 14.d5 Ne7 15.Be3 Bxe3
16.Rxe3 Ng6 17.Nbd2 Nf4 18.c4 Bc8 19.Kh2 g5 20.Ng1 g4 21.h4 g3+ 22.Rxg3+ Kh8
23.Nh3 Ng4+ 24.Rxg4 Bxg4 25.Qxg4 Rg8 26.Qf5 Rxg2+ 27.Kh1 Qxh4 28.Nf3 Qg4
29.Qxg4 Rxg4 30.Nh2 Rh4 31.Nxf4 Rxf4 32.f3 f5 33.c5 fxe4 34.fxe4 dxc5 35.Re1
c4 36.Bd1 b4 37.Nf3 c3 38.bxc3 bxc3 39.Nxe5 Rg8 40.Bg4 Rg5 41.Rc1 Rxe5 42.Bf5
Rf3 43.Kg2 Rd3 44.Kf2 Rxf5+ 45.exf5 Rxd5 46.Rxc3 Rxf5+ 47.Kg3 Rf7 48.Rc6 Kg7
49.Kg4 Kf8 50.Rxh6 Ke7 51.Ra6 Kd7 52.Kg3 Rf1 53.Kg2 Rf5 54.Kg3 c6 55.Kg4 Rf1
56.Ra7+ Kd6 57.Ra8 Kd5 58.Kg3 c5 59.Kg2 Rf6 60.Rc8 Kd4 61.Kg3 c4 62.Kg2 Kd3
63.Kg1 c3 64.Kg2 Kd2 65.Rd8+ Kc1 66.Rc8 c2 {#R} 0-1

[Event "10th KIIT Elite Open 2017"]
[Site "masterchessopen.com Bhubaneswar IND"]
[Date "2017.05.31"]
[Round "8.16"]
[White "Das,Say"]
[Black "Aradhya,Garg"]
[Result "1-0"]
[WhiteElo "2396"]
[BlackElo "2304"]

1.e4 e5 2.Nf3 Nc6 3.Bb5 a6 4.Ba4 Nf6 5.O-O b5 6.Bb3 Bc5 7.a4 Rb8 8.Nxe5 Nxe5
9.d4 Bxd4 10.Qxd4 d6 11.f4 Nc6 12.Qc3 Ne7 13.Qe1 O-O 14.axb5 axb5 15.e5 dxe5
16.fxe5 Qd4+ 17.Be3 Qxe5 18.Ba7 Qxb2 19.Ra2 Qxa2 20.Bxa2 Ra8 21.Qxe7 Rxa7
22.Nc3 Bb7 23.Rd1 Bc6 24.Rd8 Be8 25.g4 h6 26.h4 b4 27.g5 hxg5 28.hxg5 bxc3
29.gxf6 Rxa2 30.Rxe8 Ra1+ 31.Kf2 Rxe8 32.Qxe8+ Kh7 33.Qxf7 {#r} 1-0

[Event "Mateu Chalmeta Mem 2017"]
[Site "masterchessopen.com Sant Boi ESP"]
[Date "2017.06.02"]
[Round "7.4"]
[White "Moreno Martin,D"]
[Black "Lorenzo de la Riva,L"]
[Result "0-1"]
[WhiteElo "2194"]
[BlackElo "2379"]

1.e4 e5 2.Nf3 Nc6 3.Bb5 a6 4.Ba4 Nf6 5.O-O Be7 6.d3 b5 7.Bb3 d6 8.c3 O-O 9.Re1
Na5 10.Bc2 c5 11.Nbd2 Re8 12.Nf1 Bf8 13.h3 g6 14.a3 Bg7 15.b4 Nc6 16.Bb3 h6
17.Be3 Qe7 18.Qd2 Kh7 19.a4 Bb7 20.Ng3 Rec8 21.Nh2 Nd8 22.c4 bxc4 23.Bxc4 cxb4
24.Qxb4 a5 25.Qb3 Ne6 26.Rab1 Bc6 27.Rec1 Nd7 28.Qa2 Rc7 29.Nhf1 Rf8 30.Bxe6
fxe6 31.Rc2 d5 32.Rbc1 Qd6 33.Bc5 Nxc5 34.Rxc5 Rfc8 35.Ne3 d4 36.Ng4 Bd7
37.Rxc7 Rxc7 38.Rxc7 Qxc7 39.Qa3 {#R} 0-1

[Event "10th KIIT Elite Open 2017"]
[Site "masterchessopen.com Bhubaneswar IND"]
[Date "2017.05.31"]
[Round "8.25"]
[White "Ziatdinov,R"]
[Black "Krishnater,Kushager"]
[Result "1-0"]
[WhiteElo "2291"]
[BlackElo "1953"]

1.e4 e5 2.Nf3 Nc6 3.Bb5 a6 4.Ba4 Nf6 5.O-O Be7 6.Re1 b5 7.Bb3 d6 8.c3 O-O 9.h3
Bb7 10.d4 Re8 11.Nbd2 exd4 12.cxd4 Nd7 13.Nf1 Na5 14.Bc2 Bf6 15.Bf4 c5 16.Bxd6
cxd4 17.Qd3 Ne5 18.Bxe5 Bxe5 19.Nxe5 Rxe5 20.Nd2 Rc8 21.Rad1 Rec5 22.Bb1 g6
23.Nb3 Nxb3 24.axb3 R8c7 25.Qxd4 Qxd4 26.Rxd4 Bc8 27.Bd3 Be6 28.b4 Rc1 29.Kf1
Bc4 30.b3 Bxb3 31.Rxc1 Rxc1+ 32.Ke2 Rg1 33.g3 Be6 34.h4 h5 35.Kd2 Ra1 36.Rd6
Ra2+ 37.Ke3 Ra4 38.Rd4 Ra3 39.Kf4 Ra2 40.f3 Rf2 41.Ke3 Rg2 42.Rd6 Rxg3 43.Rxa6
g5 44.hxg5 h4 45.Bxb5 Rg1 46.Kf2 Rb1 47.Bd3 Rxb4 48.Ra1 Rb2+ 49.Ke3 Rg2 50.Kf4
Kg7 51.Rh1 Kg6 52.Rxh4 Rxg5 53.e5+ Bf5 54.Rh8 {#r} 1-0

[Event "10th Mayors Cup Open 2017"]
[Site "masterchessopen.com Mumbai IND"]
[Date "2017.06.04"]
[Round "1.1"]
[White "Amonatov,F"]
[Black "Moksh,Amit Doshi"]
[Result "1-0"]
[WhiteElo "2632"]
[BlackElo "2188"]

1.e4 e5 2.Nf3 Nc6 3.Bb5 a6 4.Ba4 Nf6 5.O-O Be7 6.Re1 b5 7.Bb3 d6 8.c3 O-O 9.h3
Nb8 10.d4 Nbd7 11.Nbd2 Bb7 12.Bc2 Re8 13.Nf1 Bf8 14.Ng3 g6 15.a4 c5 16.d5 c4
17.Bg5 Nc5 18.Qd2 Be7 19.Ra3 Nfd7 20.Bh6 Qc7 21.Nh2 Nb6 22.axb5 axb5 23.Rxa8
Rxa8 24.Rf1 Nbd7 25.Ng4 Re8 26.f4 f6 27.f5 Qd8 28.h4 Kf7 29.fxg6+ hxg6 30.h5
Rh8 31.hxg6+ Kxg6 32.Nf5 Bf8 33.Qe3 Qb6 34.Bxf8 Nxf8 35.Nxe5+ {#r} 1-0

[Event "10th KIIT Elite Open 2017"]
[Site "masterchessopen.com Bhubaneswar IND"]
[Date "2017.06.01"]
[Round "9.18"]
[White "Karthik,V4"]
[Black "Wagh,Suyog"]
[Result "1-0"]
[WhiteElo "2317"]
[BlackElo "2138"]

1.e4 e5 2.Nf3 Nc6 3.Bb5 a6 4.Ba4 Nf6 5.O-O Be7 6.Re1 b5 7.Bb3 d6 8.c3 O-O 9.h3
Nb8 10.d4 Nbd7 11.Nbd2 Bb7 12.Bc2 Re8 13.Nf1 Bf8 14.Ng3 g6 15.a4 Nb6 16.a5
Nbd7 17.b3 exd4 18.cxd4 c5 19.d5 Qc7 20.Bg5 Bg7 21.Qd2 Nf8 22.Bh6 Bh8 23.Qf4
N6d7 24.Ng5 Ne5 25.Bxf8 Rxf8 26.Qh4 h5 27.f4 Nd7 28.e5 dxe5 29.Nxh5 gxh5
30.Qxh5 Nf6 31.Bh7+ Kg7 32.Ne6+ {#r} 1-0

[Event "10th KIIT Elite Open 2017"]
[Site "masterchessopen.com Bhubaneswar IND"]
[Date "2017.05.31"]
[Round "8.17"]
[White "Rishi,S"]
[Black "Saurabh,Anand"]
[Result "0-1"]
[WhiteElo "2390"]
[BlackElo "2266"]

1.e4 e5 2.Nf3 Nc6 3.Bb5 a6 4.Ba4 Nf6 5.O-O Be7 6.Re1 b5 7.Bb3 d6 8.c3 O-O 9.h3
Nb8 10.d4 Nbd7 11.Nbd2 Bb7 12.Bc2 Re8 13.Nf1 Bf8 14.Ng3 g6 15.Bg5 h6 16.Be3 d5
17.Nxe5 dxe4 18.Bf4 g5 19.Nxd7 Nxd7 20.Bd2 Nf6 21.Qc1 Qd5 22.Bb3 Qc6 23.Be3
Nd5 24.Bd1 Bd6 25.Nf5 Bf4 26.Bb3 Qf6 27.g4 Ne7 28.Bxf4 Nxf5 29.Be5 Qc6 30.gxf5
Rxe5 31.Qe3 Rxf5 32.d5 Qf6 33.Qxe4 Rd8 34.Bc2 Rfxd5 35.Qh7+ Kf8 36.Be4 Rd2
37.Bf5 Bc8 {#R} 0-1

[Event "ch-POR Rapid 2017"]
[Site "masterchessopen.com Mirandela POR"]
[Date "2017.06.03"]
[Round "2.3"]
[White "Padeiro,J"]
[Black "Pipiras,Filipa Fortuna"]
[Result "1-0"]
[WhiteElo "2271"]
[BlackElo "1641"]

1.d4 d5 2.Bf4 Nf6 3.e3 e6 4.c4 Be7 5.Nc3 c6 6.Nf3 O-O 7.h3 Nbd7 8.c5 b6 9.b4
a5 10.a3 Ba6 11.Bxa6 Rxa6 12.b5 cxb5 13.c6 Qc8 14.Nxb5 Qxc6 15.Qe2 a4 16.O-O
Rc8 17.Nc7 Ra7 18.Rfc1 Qb7 19.Nb5 Raa8 20.Bd6 Nf8 21.Nd2 Bxd6 22.Nxd6 Rxc1+
23.Rxc1 Qd7 24.Nb5 Rc8 25.Rb1 Rc2 26.Qd3 Qc6 27.f3 Rc1+ 28.Nf1 Rxb1 29.Qxb1
N8d7 30.Qb4 Qc4 31.Qxc4 dxc4 32.Nd2 Nd5 33.Nxc4 f5 34.Kf2 N7f6 35.Nbd6 Nc7
36.Nxb6 Kf8 37.Nxa4 Ke7 38.Nc4 Nb5 39.Nc5 Nd5 40.a4 Nbc3 41.a5 Nb5 42.a6 g5
43.g4 fxg4 44.hxg4 Na7 45.Ne5 Nf6 46.e4 h6 47.Ke3 h5 48.gxh5 Nxh5 49.Ned3 Kd6
50.Ne5 Ke7 51.Ncd3 Nf6 52.Nb4 Ne8 53.Nec6+ Nxc6 54.Nxc6+ Kd6 55.a7 Nc7 56.Nd8
e5 57.Nf7+ Ke6 58.Nxe5 Kd6 59.Nf7+ Kc6 60.Nxg5 Kb7 61.d5 Nb5 62.f4 Kxa7 63.f5
Nd6 64.f6 Kb6 65.f7 Nxf7 66.Nxf7 Kc5 67.Kf4 Kb6 68.Ke5 Kc7 69.Ke6 Kc8 70.Ke7
Kb7 71.d6 Ka7 72.d7 Kb7 73.d8=Q Ka7 74.Qd6 Kb7 75.Nh6 Kc8 76.Qd7+ Kb8 77.Kd6
Ka8 78.Kc6 Kb8 79.Qb7# 1-0

[Event "10th KIIT Elite Open 2017"]
[Site "masterchessopen.com Bhubaneswar IND"]
[Date "2017.06.01"]
[Round "9.14"]
[White "Akash Pc,I"]
[Black "Iniyan,P"]
[Result "0-1"]
[WhiteElo "2282"]
[BlackElo "2392"]

1.d4 Nf6 2.Nf3 g6 3.Nc3 d5 4.Bf4 Bg7 5.e3 O-O 6.Be2 c6 7.Ne5 Nbd7 8.h4 Qb6
9.a3 h5 10.f3 Nxe5 11.Bxe5 Bh6 12.g4 Nd7 13.Bf4 Bg7 14.gxh5 e5 15.dxe5 Nxe5
16.h6 Bh8 17.h5 g5 18.h7+ Kxh7 19.Bxe5 Bxe5 20.Qd3+ Kh6 21.O-O-O Re8 22.Na4
Qa5 23.f4 gxf4 24.Rdg1 f5 25.Rg6+ Kh7 26.Bg4 Rf8 27.Rg5 Bf6 28.Bxf5+ Kh8
29.Rg6 Bxf5 30.Rh6+ Kg7 31.Rg6+ Kh7 {#R} 0-1

[Event "10th KIIT Elite Open 2017"]
[Site "masterchessopen.com Bhubaneswar IND"]
[Date "2017.05.30"]
[Round "7.15"]
[White "Wagh,Suyog"]
[Black "Arjun,Kalyan"]
[Result "1-0"]
[WhiteElo "2138"]
[BlackElo "2322"]

1.d4 d5 2.Bf4 Nf6 3.e3 c5 4.c3 Nc6 5.Nd2 Qb6 6.Qb3 c4 7.Qc2 g6 8.Ngf3 Bf5
9.Qc1 Bg7 10.Be2 O-O 11.O-O Nh5 12.Bg3 Nxg3 13.hxg3 Qc7 14.Re1 b5 15.Bf1 Bd7
16.e4 e6 17.e5 Rab8 18.Nh2 b4 19.Ndf3 h6 20.Be2 Kh7 21.Bd1 Ne7 22.Ng4 Ng8
23.Kh2 h5 24.Ng5+ Kh8 25.Ne3 Bh6 26.f4 Kg7 27.g4 f6 28.Nh3 hxg4 29.Nxg4 f5
30.Ne3 Ne7 31.g3 Rb7 32.Rg1 Rh8 33.Ng2 Qb6 34.Bc2 Qa5 35.Bd1 Rhb8 36.Ne1 bxc3
37.bxc3 Rb2+ 38.Rg2 Qb6 39.Bc2 Kf7 40.Nf2 Qa5 41.Nd1 Rxa2 42.Rxa2 Qxa2 43.Bxf5
Qa5 44.Bb1 Qa1 {#r} 1-0

[Event "10th KIIT Elite Open 2017"]
[Site "masterchessopen.com Bhubaneswar IND"]
[Date "2017.05.30"]
[Round "7.22"]
[White "Neelash,Saha"]
[Black "Rishi,S"]
[Result "0-1"]
[WhiteElo "2191"]
[BlackElo "2390"]

1.d4 d5 2.Bf4 Nf6 3.e3 c5 4.c3 Nc6 5.Nd2 e6 6.Bd3 Bd6 7.Bxd6 Qxd6 8.f4 Bd7
9.Nh3 O-O 10.Qf3 Ne7 11.O-O Qb6 12.Rfb1 Ba4 13.b3 Bb5 14.c4 Bd7 15.dxc5 Qxc5
16.b4 Qd6 17.Nf2 Nc6 18.a3 Rfd8 19.Rd1 Qe7 20.Nb3 dxc4 21.Bxc4 Rac8 22.Nc5 Be8
23.Bd3 a5 24.Nfe4 axb4 25.Nxf6+ Qxf6 26.Nxb7 Rxd3 27.Rxd3 Qxa1+ 28.Rd1 Qc3
{#R} 0-1

[Event "11th BPB Limburg Open"]
[Site "masterchessopen.com Maastricht NED"]
[Date "2017.06.04"]
[Round "5.8"]
[White "Sridhar,R"]
[Black "Klein,Fe"]
[Result "0-1"]
[WhiteElo "1985"]
[BlackElo "2323"]

1.d4 d5 2.Bf4 e6 3.e3 Nf6 4.Nd2 c5 5.c3 Nc6 6.Ngf3 Bd6 7.Bg3 O-O 8.Bd3 b6
9.Ne5 Bb7 10.f4 Ne7 11.Qf3 Nf5 12.Bf2 Be7 13.g4 Nd6 14.g5 Nfe4 15.Qh3 Rc8
16.Rg1 b5 17.dxc5 Nf5 18.b4 Nxc3 19.Bxf5 exf5 20.Qxf5 a5 21.a3 axb4 22.axb4
Ra8 23.Rc1 Na2 24.Rb1 Ra4 25.Nd3 d4 26.exd4 Bc8 27.Qe5 Re8 28.Be3 Bf8 29.Qxe8
Qxe8 30.Kf2 Bf5 31.Rb3 Bxd3 32.Rxd3 Nxb4 33.Rb3 Nd5 34.Re1 Qd7 35.Nf3 Qg4
36.Rg1 Ra2+ 37.Nd2 Qh3 38.Rg3 Qxh2+ 39.Rg2 Qh3 40.Rg3 Qh4 41.Kf3 Nxe3 {#R} 0-1

[Event "ch-POR Rapid 2017"]
[Site "masterchessopen.com Mirandela POR"]
[Date "2017.06.03"]
[Round "3.5"]
[White "Pereira,Ant2"]
[Black "Silva,Mariana Sofia T."]
[Result "0-1"]
[WhiteElo "2139"]
[BlackElo "1922"]

1.d4 Nf6 2.Bg5 d5 3.Nf3 Bf5 4.c4 dxc4 5.Nc3 e6 6.e3 Be7 7.Bxc4 O-O 8.O-O Nbd7
9.h3 c5 10.Nh4 Bg6 11.Nxg6 hxg6 12.Be2 Rc8 13.Bf3 b6 14.Bf4 cxd4 15.exd4 Nb8
16.Bb7 Rc4 17.Ne2 Nd5 18.b3 Nxf4 19.bxc4 Nxe2+ 20.Qxe2 Qxd4 21.Rfd1 Qc5 22.Qe4
Bf6 23.Rac1 Qa5 24.Rc2 Na6 25.Bxa6 Qxa6 26.c5 bxc5 27.Rxc5 Qxa2 28.Rc7 a5
29.Ra7 Qb3 30.Rb1 Qc3 31.Rd1 Qb3 32.Rdd7 Qc3 33.Rxf7 Qa1+ 34.Kh2 Be5+ 35.f4
Rxf7 36.Ra8+ Kh7 37.fxe5 Rf5 38.Re8 Qxe5+ 39.Qxe5 Rxe5 40.Ra8 Kh6 41.Kg3 Kg5
42.Kf3 Kf5 43.Ra7 Kf6 44.Kf4 Rb5 45.Ra6 g5+ 46.Ke4 Rb4+ 47.Kf3 a4 48.Ra7 g6
49.Ra5 Rb3+ 50.Ke4 a3 51.g4 Rxh3 52.Ra6 Rg3 53.Ra8 Rxg4+ 54.Ke3 Rg3+ 55.Kf2
Rb3 56.Ra5 e5 57.Kg2 Kf5 58.Ra8 Rb2+ 59.Kf3 e4+ 60.Ke3 a2 61.Ra6 Rb3+ 62.Ke2
Rh3 63.Kf2 Rh1 64.Kg2 a1=Q {#R} 0-1

[Event "10th KIIT Elite Open 2017"]
[Site "masterchessopen.com Bhubaneswar IND"]
[Date "2017.06.02"]
[Round "10.25"]
[White "Akash Pc,I"]
[Black "Sreeshwan,Maralakshikari"]
[Result "1-0"]
[WhiteElo "2282"]
[BlackElo "2109"]

1.d4 d5 2.Nf3 Nf6 3.e3 c6 4.Bd3 Bg4 5.Nbd2 e6 6.h3 Bh5 7.Qe2 Bd6 8.e4 dxe4
9.Nxe4 Nxe4 10.Bxe4 Nd7 11.g4 Bg6 12.Bxg6 hxg6 13.Bd2 Qc7 14.O-O-O O-O-O
15.Kb1 Rde8 16.c4 Bf4 17.Bc3 f6 18.Ne1 e5 19.d5 e4 20.dxc6 Qxc6 21.Nc2 Nb6
22.b3 Be5 23.Nd4 Bxd4 24.Bxd4 a6 25.Qe3 Nd7 26.Bc3 Ne5 27.Rd5 Nd3 28.Qa7 Qc7
29.Ba5 Qb8 30.Rc5+ Kd7 31.Rc7+ Qxc7 32.Bxc7 Kxc7 33.Qe3 Re5 34.f3 Rhe8 35.fxe4
Nc5 36.Rd1 Nxe4 37.Qd4 R5e6 38.c5 R6e7 39.Kb2 f5 40.c6 b6 41.Qc4 b5 42.Qd4
Kxc6 43.Rc1+ Kb7 44.Qd5+ Ka7 45.Rc6 Rb7 46.Qd4+ Kb8 47.Rxa6 Rc8 48.Qe5+ Rcc7
49.gxf5 gxf5 50.Qxf5 Nc5 51.Qf8+ Rc8 52.Ra8+ Kxa8 53.Qxc8+ Rb8 54.Qxc5 Rb7
55.Kc3 Kb8 56.Kb4 Ka8 57.Ka5 Kb8 58.Ka6 Rd7 59.Qxb5+ Kc8 60.Qxd7+ Kxd7 61.b4
Kc7 62.Ka7 Kc6 63.a4 Kd5 64.b5 Kc5 65.b6 Kb4 66.b7 Kxa4 67.b8=Q Ka5 68.Qb6+
Ka4 69.Ka6 g5 70.Qd4+ Kb3 71.Kb5 g4 72.Qd3+ Kb2 73.Kb4 gxh3 74.Qd2+ Kb1 75.Kb3
{#r} 1-0

[Event "10th KIIT Elite Open 2017"]
[Site "masterchessopen.com Bhubaneswar IND"]
[Date "2017.06.01"]
[Round "9.15"]
[White "Ravi,TeS"]
[Black "Thanki,H"]
[Result "1-0"]
[WhiteElo "2369"]
[BlackElo "2182"]

1.d4 e6 2.Nf3 Nf6 3.e3 c5 4.Bd3 d5 5.c3 Nc6 6.Nbd2 Bd6 7.dxc5 Bxc5 8.b4 Be7
9.O-O O-O 10.Bb2 b6 11.a3 Bb7 12.Qb1 Nb8 13.c4 dxc4 14.Nxc4 Nbd7 15.e4 Nh5
16.g3 Rc8 17.Nfd2 Ba8 18.Qd1 Nhf6 19.e5 Ne8 20.Qh5 f5 21.exf6 Ndxf6 22.Qe2 Qd5
23.f3 Rd8 24.Ne5 Ng4 25.Nxg4 Qxd3 26.Qxe6+ Rf7 27.Qxf7+ Kxf7 28.Ne5+ Kf8
29.Nxd3 Rxd3 30.Nc4 b5 31.Ne5 Rb3 32.Bd4 Nd6 33.Nd7+ Ke8 34.Nc5 Rxf3 35.Rxf3
Bxf3 36.Bxg7 Nc4 37.Bd4 Bd5 38.Na6 Kd7 39.Rd1 Bf3 40.Rf1 Bd5 41.Bxa7 Bd6
42.Bb8 Be7 43.Ba7 Nxa3 44.Rd1 Kc6 45.Nb8+ {#r} 1-0

[Event "10th KIIT Elite Open 2017"]
[Site "masterchessopen.com Bhubaneswar IND"]
[Date "2017.05.30"]
[Round "7.26"]
[White "Roy Chowdhury,S"]
[Black "Harshavardhan,G B"]
[Result "1-0"]
[WhiteElo "2326"]
[BlackElo "2157"]

1.d4 Nf6 2.Nf3 e6 3.e3 d5 4.Bd3 c5 5.b3 Bd6 6.Bb2 Nbd7 7.Nbd2 O-O 8.O-O Qe7
9.Ne5 cxd4 10.exd4 Ba3 11.Bxa3 Qxa3 12.Qe2 b6 13.f4 g6 14.Ndf3 Bb7 15.Ng5 Qe7
16.a4 Kg7 17.Rae1 Rae8 18.Rf3 h6 19.Ngxf7 Rxf7 20.Rg3 Nxe5 21.Qxe5 Rg8
22.Rxg6+ Kf8 23.f5 Bc8 24.Qf4 Qb4 25.c3 Qe7 26.Qxh6+ Ke8 27.fxe6 Rff8 28.Rxg8
Nxg8 29.Qh5+ Kd8 30.Qxd5+ Kc7 31.Qe5+ Qd6 32.Qg7+ Qe7 33.Qxe7+ Nxe7 34.c4 Kd6
35.d5 Bb7 36.Rf1 Rxf1+ 37.Kxf1 a6 38.h4 Ng8 39.h5 Nh6 40.Ke2 Ke7 41.Kf3 b5
42.axb5 axb5 43.Kf4 bxc4 44.bxc4 Kf6 45.g4 Kg7 46.g5 Ng8 47.d6 Kf8 48.h6 Bc8
49.d7 Bxd7 50.exd7 Ke7 51.h7 Kxd7 52.hxg8=Q Kc6 53.Qd5+ Kb6 54.Ke5 Kc7 55.Be4
Kb6 56.Qb7+ Kc5 57.Qb5# 1-0

[Event "10th KIIT Elite Open 2017"]
[Site "masterchessopen.com Bhubaneswar IND"]
[Date "2017.06.02"]
[Round "10.16"]
[White "Rishi,S"]
[Black "Aradhya,Garg"]
[Result "1-0"]
[WhiteElo "2390"]
[BlackElo "2304"]

1.d4 d5 2.c4 c5 3.cxd5 Qxd5 4.Nf3 cxd4 5.Nc3 Qa5 6.Nxd4 Nf6 7.g3 e5 8.Nb3 Qc7
9.Bg2 Bb4 10.O-O Bxc3 11.bxc3 O-O 12.Bg5 Be6 13.Bxf6 gxf6 14.Bd5 Bxd5 15.Qxd5
Rd8 16.Qf3 Nd7 17.Rfd1 Kg7 18.Nd2 Nc5 19.Nc4 Qc6 20.Qg4+ Kh8 21.Ne3 Qe4 22.Qh5
Qg6 23.Qf3 Ne4 24.c4 Rac8 25.h4 Nc3 26.Rxd8+ Rxd8 27.Ng2 Nb1 28.h5 Rd1+ 29.Kh2
Nd2 30.Qa3 Qxh5+ 31.Nh4 Kg8 32.Rxd1 Qxe2 33.Rxd2 Qxd2 34.Qxa7 Qc2 35.Qc5 Qxa2
36.Qc8+ Kg7 37.Nf5+ Kg6 38.Ne7+ Kg7 39.Qg8+ {#r} 1-0

[Event "11th BPB Limburg Open"]
[Site "masterchessopen.com Maastricht NED"]
[Date "2017.06.03"]
[Round "2.10"]
[White "Heinert,E"]
[Black "Frischmann,Rick"]
[Result "0-1"]
[WhiteElo "2151"]
[BlackElo "2302"]

1.Nf3 Nc6 2.d4 d5 3.c4 Bg4 4.cxd5 Bxf3 5.gxf3 Qxd5 6.e3 e5 7.Nc3 Bb4 8.a3
Bxc3+ 9.bxc3 Nge7 10.c4 Qd6 11.d5 Nb8 12.a4 Na6 13.Ba3 Nc5 14.Qc2 O-O 15.a5 b6
16.Be2 f5 17.h4 c6 18.Rd1 Kh8 19.dxc6 Qxc6 20.Qc3 Qf6 21.h5 f4 22.Bb2 Na4
23.Qc2 Nxb2 24.Qxb2 fxe3 25.fxe3 Nf5 26.Kf2 bxa5 27.Rd5 Rae8 28.Qc3 Qg5 29.Rh3
Nh6 30.Bf1 Ng4+ 31.Ke2 Nf6 32.Rxa5 Nxh5 33.Kd2 Nf6 34.Kc2 Qg1 35.Qe1 Qg6+
36.Kc3 e4 37.f4 Qf7 38.Qh4 Rc8 39.Qg5 Rfd8 40.Qf5 Qe7 41.Qe5 Qd7 {#R} 0-1

[Event "11th BPB Limburg Open"]
[Site "masterchessopen.com Maastricht NED"]
[Date "2017.06.04"]
[Round "4.1"]
[White "Leenhouts,K"]
[Black "Tang,Charlie"]
[Result "1-0"]
[WhiteElo "2475"]
[BlackElo "2067"]

1.d4 d5 2.c4 c6 3.Nf3 Nf6 4.e3 e6 5.b3 Nbd7 6.Bd3 Bd6 7.Bb2 O-O 8.O-O Re8
9.Nbd2 e5 10.dxe5 Nxe5 11.Nxe5 Bxe5 12.Bxe5 Rxe5 13.Nf3 Re8 14.h3 dxc4 15.Bxc4
Bf5 16.a4 Qa5 17.Qe1 Qxe1 18.Rfxe1 c5 19.Rad1 Rad8 20.Ng5 Bg6 21.f4 h6 22.Nf3
Rxd1 23.Rxd1 Rxe3 24.Ne5 Kf8 25.Rd8+ Ke7 26.Rc8 Be4 27.Nxf7 Nd5 28.Rxc5 Nxf4
29.Kf2 Nd3+ 30.Kxe3 Nxc5 31.b4 Bxg2 32.bxc5 Bxh3 33.Kd4 h5 34.Ke5 Kd7 35.Bd5
Kc7 36.Nd6 Bd7 37.Nb5+ Kb8 38.Kd6 Be8 39.Ke7 Bxb5 40.axb5 Kc7 41.Bxb7 {#r} 1-0

[Event "11th BPB Limburg Open"]
[Site "masterchessopen.com Maastricht NED"]
[Date "2017.06.02"]
[Round "1.1"]
[White "Sadler,M"]
[Black "Wild,A"]
[Result "1-0"]
[WhiteElo "2684"]
[BlackElo "2265"]

1.c4 c6 2.Nf3 d5 3.d4 Nf6 4.e3 Bg4 5.h3 Bh5 6.g4 Bg6 7.Ne5 e6 8.Qb3 Qb6 9.Nxg6
hxg6 10.Bg2 Be7 11.Nc3 g5 12.Bd2 Nbd7 13.O-O-O a5 14.Kb1 a4 15.Qxb6 Nxb6
16.cxd5 Nfxd5 17.Ne4 a3 18.b3 Nd7 19.Rc1 Kf8 20.Rhf1 Kg8 21.f4 gxf4 22.exf4
Bb4 23.Bxb4 Nxb4 24.Nd6 Ra7 25.f5 e5 26.Rfd1 f6 27.Rc4 {#r} 1-0

[Event "11th BPB Limburg Open"]
[Site "masterchessopen.com Maastricht NED"]
[Date "2017.06.02"]
[Round "1.3"]
[White "Sokolov,Ivan"]
[Black "Wilschut,P"]
[Result "1-0"]
[WhiteElo "2625"]
[BlackElo "2262"]

1.d4 d5 2.c4 c6 3.Nf3 Nf6 4.g3 a6 5.b3 Bf5 6.Bg2 e6 7.O-O h6 8.Bb2 Nbd7 9.Nfd2
Bb4 10.Nc3 O-O 11.a3 Bxc3 12.Bxc3 Re8 13.a4 a5 14.Qc1 Qb6 15.Qb2 Bg6 16.Kh1
Ne4 17.Nxe4 dxe4 18.e3 Nf6 19.Rfb1 Qc7 20.Qc2 e5 21.dxe5 Ng4 22.h3 Nxe5
23.Bxe4 Qd7 24.Kg2 f5 25.Rd1 Qe6 26.Bxe5 fxe4 27.Bf4 Rad8 28.Rxd8 Rxd8 29.Rd1
Rd3 30.Rxd3 exd3 31.Qd2 Qd7 32.f3 b5 33.e4 bxc4 34.bxc4 Qd4 35.Qxa5 Qxc4
36.Qd2 Qxa4 37.Qxd3 Qa2+ 38.Bd2 Kh7 39.g4 Bf7 40.Kg3 Qc4 41.Qe3 g5 42.h4 gxh4+
43.Kxh4 Qe6 44.Qf4 c5 45.Bc3 Qe7+ 46.Kg3 c4 47.Qf5+ Bg6 48.Qc8 Be8 49.Qxc4
Qd6+ 50.f4 Bg6 51.Qc8 {#r} 1-0

[Event "10th KIIT Elite Open 2017"]
[Site "masterchessopen.com Bhubaneswar IND"]
[Date "2017.05.31"]
[Round "8.6"]
[White "Debashis,D"]
[Black "Sidhant,M"]
[Result "1-0"]
[WhiteElo "2496"]
[BlackElo "2393"]

1.d4 d5 2.c4 c6 3.Nf3 Nf6 4.e3 e6 5.b3 Bd6 6.Bb2 Nbd7 7.Bd3 Ne4 8.O-O O-O
9.Qc2 f5 10.Ba3 Bxa3 11.Nxa3 Qe7 12.Nb1 Qd6 13.Rc1 Ndf6 14.Nc3 Ng4 15.Nd1 Bd7
16.h3 Ngf6 17.Ne5 Be8 18.f3 Ng3 19.Qf2 Nfh5 20.Nc3 f4 21.c5 Qd8 22.e4 Nf6
23.Re1 Bh5 24.exd5 Nxd5 25.Nxd5 exd5 26.Qc2 h6 27.b4 Qg5 28.b5 cxb5 29.Qb3 a6
30.a4 Bf7 31.Nxf7 Rxf7 32.Re5 Qf6 33.axb5 a5 34.Rae1 a4 35.Qxd5 Kh8 36.Re6 Qh4
37.Rxh6+ {#r} 1-0

[Event "10th Mayors Cup Open 2017"]
[Site "masterchessopen.com Mumbai IND"]
[Date "2017.06.05"]
[Round "3.20"]
[White "Karthik,Kumar Pradeep"]
[Black "Deviatkin,A"]
[Result "0-1"]
[WhiteElo "1978"]
[BlackElo "2481"]

1.d4 d5 2.c4 c6 3.Nf3 Nf6 4.e3 Bf5 5.Nc3 e6 6.Nh4 Bg6 7.Be2 Nbd7 8.O-O Bd6
9.g3 Qe7 10.Qb3 Rb8 11.Nxg6 hxg6 12.Qc2 dxc4 13.Ne4 Nxe4 14.Qxe4 Nb6 15.Qc2 e5
16.Bxc4 Nxc4 17.Qxc4 Qd7 18.f4 exf4 19.exf4 Be7 20.Be3 O-O 21.Rad1 Rbd8 22.Qb3
Rfe8 23.Rd2 Bb4 24.Rd3 Ba5 25.Rfd1 Bb6 26.Kg2 Qg4 27.R1d2 Rd5 28.Qd1 Qd7 29.b4
Rh5 30.h4 a5 31.a3 axb4 32.axb4 Rb5 33.Bf2 Rxb4 34.d5 Bxf2 35.Rxf2 c5 36.d6
Rbe4 37.Rd5 Re1 38.Qd2 b6 39.h5 gxh5 40.Rxh5 R1e6 41.Qd3 g6 42.Rd5 Re3 43.Qd2
Qg4 {#R} 0-1

[Event "10th KIIT Elite Open 2017"]
[Site "masterchessopen.com Bhubaneswar IND"]
[Date "2017.05.31"]
[Round "8.7"]
[White "Krishna,CRG"]
[Black "Deviatkin,A"]
[Result "1-0"]
[WhiteElo "2392"]
[BlackElo "2481"]

1.d4 d5 2.c4 c6 3.Nf3 Nf6 4.e3 Bf5 5.Nc3 e6 6.Nh4 Bg6 7.Be2 Nbd7 8.O-O Bd6
9.g3 a6 10.Bd2 O-O 11.Nxg6 hxg6 12.Qc2 dxc4 13.Bxc4 c5 14.dxc5 Bxc5 15.Rfd1
Qe7 16.Rac1 Rac8 17.Be2 Bd6 18.Be1 Rfd8 19.Bf3 Ne5 20.Bg2 b5 21.Qb3 Nc4 22.Ne2
Be5 23.Bc3 Bxc3 24.Qxc3 Rxd1+ 25.Rxd1 Rd8 26.Rxd8+ Qxd8 27.Qc2 Qa5 28.Nc3 b4
29.Na4 b3 30.axb3 Qe1+ 31.Bf1 Nd2 32.Qc8+ Kh7 33.Qxa6 Nfe4 34.Qe2 Qc1 35.Kg2
Qc6 36.f3 Nxb3 37.Qc4 Qxc4 38.Bxc4 Nbd2 39.Bxe6 fxe6 40.fxe4 Kg8 41.Nc5 Kf7
42.b3 Kf6 43.Kf2 Ke5 44.Ke2 Nb1 45.Kd3 Kd6 46.Nb7+ Ke5 47.Na5 {#r} 1-0

[Event "10th Mayors Cup Open 2017"]
[Site "masterchessopen.com Mumbai IND"]
[Date "2017.06.05"]
[Round "2.18"]
[White "Saravana,Kr"]
[Black "Ananya,Rishi Gupta"]
[Result "1-0"]
[WhiteElo "2345"]
[BlackElo "1955"]

1.d4 d5 2.c4 c6 3.Nc3 Nf6 4.Nf3 Bf5 5.cxd5 cxd5 6.Qb3 Qb6 7.Nxd5 Nxd5 8.Qxd5
e6 9.Qb3 Qxb3 10.axb3 Bc2 11.Bd2 Bxb3 12.e4 Bd6 13.Bb5+ Nd7 14.Bc3 Bc2 15.Nd2
Bf4 16.f3 a6 17.g3 Bg5 18.h4 Be7 19.Ke2 Rc8 20.Bxd7+ Kxd7 21.Rhc1 b5 22.Rxc2
Rc6 23.d5 exd5 24.exd5 Rc7 25.Rac1 Rhc8 26.Kd3 f6 27.Ba5 Rxc2 28.Rxc2 Rxc2
29.Kxc2 Bd6 30.Ne4 Be5 31.Bc3 Bxc3 32.Kxc3 f5 33.Nc5+ Kd6 34.Kd4 {#r} 1-0

[Event "10th Mayors Cup Open 2017"]
[Site "masterchessopen.com Mumbai IND"]
[Date "2017.06.05"]
[Round "2.34"]
[White "Avdhoot,Lendhe"]
[Black "Bhakti,K"]
[Result "0-1"]
[WhiteElo "2080"]
[BlackElo "2292"]

1.d4 d5 2.c4 c6 3.Nf3 Nf6 4.Nc3 a6 5.a4 e6 6.e3 c5 7.Bd3 Nc6 8.O-O Be7 9.b3
O-O 10.Bb2 cxd4 11.exd4 Nb4 12.Be2 b6 13.Qd2 Bb7 14.Rfd1 Rc8 15.Ne5 Qc7
16.Rac1 dxc4 17.bxc4 Rfd8 18.h3 Qb8 19.Qe3 h6 20.g3 Nc6 21.Nf3 Na5 22.Nb1 Bc6
23.Ba3 Bxa3 24.Qxa3 Ne4 25.Ne5 Ba8 26.Nc3 Rxd4 27.Rxd4 Qxe5 28.Rcd1 Nxc3
29.Qxc3 Qxe2 30.Rd8+ Kh7 31.Rxc8 Qxd1+ {#R} 0-1